Quiz Website Logos - Statistics

General Stats
  • This quiz has been taken 38 times
  • The average score is 5 of 11
Answer Stats
Picture Answer % Correct
Jetpunk
100%
BuzzFeed
75%
Quizly
68%
Sporcle
64%
Wizarding World
39%
Fun Trivia
36%
Quizizz
36%
uQuiz
36%
myQuiz
32%
QuizBreaker
18%
Quizwise
18%
No matching quizzes found
Score Distribution
Percent of People with Each Score
Percentile by Number Answered
Your Score History
You have not taken this quiz